Les buteurs de l'Angleterre au Championnat d'Europe de football 2024 - Statistiques

Statistiques générales
  • Ce quiz a été pris 84 fois
    46 depuis la dernière actualisation
  • Le résultat moyen est 7 sur 8
Statistiques - réponses
Match Minute Buteur % Correct
Danemark - Angleterre 1-1 18' Harry Kane
100%
Angleterre - Slovaquie 2-1 (a.p.) 91' Harry Kane
100%
Pays-Bas - Angleterre 1-2 18' Harry Kane
100%
Serbie - Angleterre 0-1 13' Jude Bellingham
95%
Angleterre - Slovaquie 2-1 (a.p.) 90+5' Jude Bellingham
95%
Espagne - Angleterre 2-1 73' Cole Palmer
84%
Angleterre - Suisse 1-1 (a.p.) (5-3 Tirs au but) 80' Bukayo Saka
81%
Pays-Bas - Angleterre 1-2 90' Ollie Watkins
68%
Aucun quiz correspondant
Distribution des résultats
% des personnes avec chaque résultat
Percentile par nombre de réponses
Votre historique - résultats
Vous n’avez pas pris ce quiz depuis la dernière actualisation